[Event "CEDIS Festival saha - 4. turnir"]
[Site "Podgorica"]
[Date "2025.09.12"]
[Round "1.1"]
[White "Rasovic, Uros"]
[Black "Pavlovic, David"]
[Result "0-1"]
[WhiteElo "2244"]
[BlackElo "1702"]
[PlyCount "80"]
[EventDate "2025.09.12"]
[EventType "swiss"]
[EventRounds "5"]
[EventCountry "MNE"]
[SourceDate "2025.09.15"]

1. e4 c6 2. Nc3 d5 3. Nf3 dxe4 4. Nxe4 Nf6 5. Nxf6+ exf6 6. d4 Bd6 7. Be2 O-O
8. O-O Bg4 9. c4 Nd7 10. Be3 Bc7 11. Qd2 Re8 12. Rad1 Nf8 13. b4 a6 14. a4 Ng6
15. b5 axb5 16. axb5 Qe7 17. Rfe1 Ba5 18. Qc2 Bxe1 19. Rxe1 Qd7 20. h3 Bf5 21.
Qb3 cxb5 22. c5 Be6 23. Qb4 Bd5 24. Bxb5 Bc6 25. Be2 Ne7 26. Qb3 Nf5 27. Bc4
Bxf3 28. gxf3 Re7 29. Bf1 Nxd4 30. Qd1 Rae8 31. Bg2 Nf5 32. Qb3 Nxe3 33. fxe3
Qd2 34. Rb1 Rxe3 35. Qxb7 Re1+ 36. Rxe1 Rxe1+ 37. Bf1 g6 38. Qb5 Rc1 39. Qb8+
Kg7 40. Qg3 Qg5 0-1

[Event "CEDIS Festival saha - 4. turnir"]
[Site "Podgorica"]
[Date "2025.09.12"]
[Round "1.2"]
[White "Lakusic, Zoran"]
[Black "Zizic, Djordje"]
[Result "0-1"]
[WhiteElo "1693"]
[BlackElo "2180"]
[PlyCount "40"]
[EventDate "2025.09.12"]
[EventType "swiss"]
[EventRounds "5"]
[EventCountry "MNE"]
[SourceDate "2025.09.15"]

1. Nf3 d5 2. g3 Nf6 3. Bg2 e6 4. O-O Be7 5. d3 O-O 6. Bg5 c5 7. Nbd2 Nc6 8. c3
e5 9. Qc2 Be6 10. a3 Rc8 11. Qd1 Qb6 12. Rb1 Rfd8 13. b4 cxb4 14. cxb4 e4 15.
Ne1 Bf5 16. Kh1 Ne5 17. Rb3 Neg4 18. e3 Qb5 19. d4 Qxf1+ 20. Bxf1 Nxf2+ 0-1

[Event "CEDIS Festival saha - 4. turnir"]
[Site "Podgorica"]
[Date "2025.09.12"]
[Round "1.3"]
[White "Djukanovic, Sreten"]
[Black "Zarudniak, Elisei"]
[Result "1-0"]
[WhiteElo "2096"]
[BlackElo "1635"]
[PlyCount "63"]
[EventDate "2025.09.12"]
[EventType "swiss"]
[EventRounds "5"]
[EventCountry "MNE"]
[SourceDate "2025.09.15"]

1. d4 Nf6 2. c4 g6 3. Nc3 d5 4. Nf3 Bg7 5. e3 O-O 6. cxd5 Nxd5 7. Bc4 Nxc3 8.
bxc3 c5 9. O-O Bg4 10. h3 Bxf3 11. Qxf3 Nc6 12. Rb1 Qc7 13. Bd5 Rad8 14. Ba3
cxd4 15. cxd4 Qd7 16. Be4 f5 17. Bxc6 bxc6 18. Rfc1 Rc8 19. Rc4 Rf6 20. Rbc1
Re6 21. d5 Re5 22. dxc6 Qc7 23. Qd1 Ra5 24. Qb3 e6 25. Rd1 Rd5 26. Rxd5 exd5
27. Rc5 Rd8 28. Rxd5 Rxd5 29. Qxd5+ Kh8 30. Qd7 Qxd7 31. cxd7 Bf6 32. Bb2 1-0

[Event "CEDIS Festival saha - 4. turnir"]
[Site "Podgorica"]
[Date "2025.09.12"]
[Round "1.4"]
[White "Vujovic, Andrija"]
[Black "Abramovic, Dragoljub"]
[Result "0-1"]
[WhiteElo "1538"]
[BlackElo "1964"]
[PlyCount "74"]
[EventDate "2025.09.12"]
[EventType "swiss"]
[EventRounds "5"]
[EventCountry "MNE"]
[SourceDate "2025.09.15"]

1. d4 Nf6 2. c4 e6 3. Nf3 b6 4. Nc3 Bb4 5. Bd2 Bb7 6. e3 O-O 7. a3 Bxc3 8. Bxc3
Ne4 9. Bd3 Nxc3 10. bxc3 Qe7 11. O-O d6 12. e4 Nd7 13. Re1 e5 14. dxe5 Nxe5 15.
Nxe5 Qxe5 16. Qd2 Rae8 17. Re3 Re7 18. Rae1 Rfe8 19. R1e2 Qc5 20. Qb2 f5 21.
Qc2 Qxa3 22. exf5 Rxe3 23. Rxe3 Qa1+ 24. Bf1 Rxe3 25. fxe3 Qe1 26. Qd3 a5 27.
h3 a4 28. Qc2 Qxe3+ 29. Kh2 Bc6 30. Qd3 Qxd3 31. Bxd3 a3 32. Bb1 Be4 33. Ba2
Bxf5 34. c5+ Kf8 35. cxb6 cxb6 36. Kg1 Ke7 37. Kf1 Be6 0-1

[Event "CEDIS Festival saha - 4. turnir"]
[Site "Podgorica"]
[Date "2025.09.12"]
[Round "1.5"]
[White "Jeknic, Velimir"]
[Black "Markovic, Janko"]
[Result "1-0"]
[WhiteElo "1804"]
[BlackElo "1485"]
[PlyCount "69"]
[EventDate "2025.09.12"]
[EventType "swiss"]
[EventRounds "5"]
[EventCountry "MNE"]
[SourceDate "2025.09.15"]

1. e4 e6 2. d4 d5 3. Nc3 Bb4 4. e5 c5 5. a3 Bxc3+ 6. bxc3 Ne7 7. Qg4 Ng6 8. h4
h5 9. Qg3 c4 10. a4 Nc6 11. Ba3 Qa5 12. Bd6 Nxd4 13. Kd1 Nc6 14. Ne2 b5 15. Qg5
d4 16. cxd4 Nxd4 17. Nxd4 Qc3 18. Nxb5 Qxa1+ 19. Kd2 c3+ 20. Nxc3 Bd7 21. Nb5
Rc8 22. Bb4 Rc6 23. Nd6+ Rxd6+ 24. Bxd6 Qd4+ 25. Bd3 Qf4+ 26. Qxf4 Nxf4 27. Rb1
Bc8 28. Rb8 Kd7 29. Bb5+ Kd8 30. g3 Nd5 31. c4 Nc7 32. Bc6 Ne8 33. Ra8 Nc7 34.
Rxa7 Ne8 35. Be7# 1-0

[Event "CEDIS Festival saha - 4. turnir"]
[Site "Podgorica"]
[Date "2025.09.12"]
[Round "1.6"]
[White "Agic, Zejn"]
[Black "Koprivica, Andrija"]
[Result "0-1"]
[WhiteElo "1484"]
[BlackElo "1786"]
[PlyCount "60"]
[EventDate "2025.09.12"]
[EventType "swiss"]
[EventRounds "5"]
[EventCountry "MNE"]
[SourceDate "2025.09.15"]

1. e4 e5 2. Nf3 Nc6 3. d4 exd4 4. Bc4 d6 5. Nxd4 Nxd4 6. Qxd4 Be6 7. Be3 Qf6 8.
Nc3 Qxd4 9. Bb5+ c6 10. Bxd4 cxb5 11. Nxb5 Kd7 12. Bxa7 Bc4 13. a4 Nf6 14. f3
Be7 15. Kd2 Bd8 16. Bd4 Bxb5 17. axb5 Be7 18. Rad1 Rhd8 19. Bb6 Rdc8 20. c3 Bd8
21. Bxd8 Kxd8 22. Ke3 Ke7 23. Rd3 Ra5 24. Rhd1 Ne8 25. e5 Rxb5 26. exd6+ Kd7
27. R1d2 Rc6 28. b3 Rxb3 29. c4 Rxd3+ 30. Rxd3 Nxd6 0-1

[Event "CEDIS Festival saha - 4. turnir"]
[Site "Podgorica"]
[Date "2025.09.12"]
[Round "1.7"]
[White "Vujovic, Viktor"]
[Black "Stanic, Stefan"]
[Result "1-0"]
[WhiteElo "1734"]
[BlackElo "1441"]
[PlyCount "87"]
[EventDate "2025.09.12"]
[EventType "swiss"]
[EventRounds "5"]
[EventCountry "MNE"]
[SourceDate "2025.09.15"]

1. e4 c6 2. d4 d5 3. exd5 cxd5 4. Bd3 Nc6 5. c3 Nf6 6. Bf4 Bg4 7. Qb3 Qd7 8.
Nd2 e6 9. Ngf3 a6 10. h3 Bf5 11. Bxf5 exf5 12. O-O Be7 13. Rad1 h6 14. c4 Na5
15. Qd3 g5 16. Ne5 Qc8 17. Bh2 h5 18. Ndf3 g4 19. Ng5 dxc4 20. Qd2 c3 21. bxc3
Nc4 22. Nxc4 Qxc4 23. d5 Rd8 24. d6 Rg8 25. Rfe1 Ne4 26. Nxe4 fxe4 27. d7+ Kf8
28. Qh6+ Rg7 29. Qh8+ Rg8 30. Qh6+ Rg7 31. Bf4 f6 32. Qh8+ Qg8 33. Qxg8+ Rxg8
34. Bc7 gxh3 35. g3 h4 36. Bxd8 Bxd8 37. Rxe4 hxg3 38. Re8+ Kf7 39. Rxg8 gxf2+
40. Kxf2 Kxg8 41. Re1 Kf7 42. Re8 Bb6+ 43. Kg3 Kg6 44. d8=Q 1-0

[Event "CEDIS Festival saha - 4. turnir"]
[Site "Podgorica"]
[Date "2025.09.13"]
[Round "2.1"]
[White "Zizic, Djordje"]
[Black "Jeknic, Velimir"]
[Result "1-0"]
[WhiteElo "2180"]
[BlackElo "1804"]
[PlyCount "55"]
[EventDate "2025.09.12"]
[EventType "swiss"]
[EventRounds "5"]
[EventCountry "MNE"]
[SourceDate "2025.09.15"]

1. e4 e6 2. d3 d5 3. Nd2 Nf6 4. Ngf3 c5 5. g3 Nc6 6. Bg2 h5 7. h4 Qb6 8. O-O
Bd6 9. Re1 Bxg3 10. fxg3 c4+ 11. Kf1 Ng4 12. Qe2 Nb4 13. d4 Nxc2 14. Nxc4 dxc4
15. Qxc2 Bd7 16. Bh3 c3 17. bxc3 Bb5+ 18. Kg2 Rc8 19. a4 Bc4 20. a5 Qa6 21.
Bxg4 Bd3 22. Qa4+ Bb5 23. Qb4 Rc4 24. Qb3 hxg4 25. Ne5 Rc7 26. Rb1 Bd3 27. Nxd3
Qxd3 28. Qb5+ 1-0

[Event "CEDIS Festival saha - 4. turnir"]
[Site "Podgorica"]
[Date "2025.09.13"]
[Round "2.2"]
[White "Koprivica, Andrija"]
[Black "Djukanovic, Sreten"]
[Result "0-1"]
[WhiteElo "1786"]
[BlackElo "2096"]
[PlyCount "86"]
[EventDate "2025.09.12"]
[EventType "swiss"]
[EventRounds "5"]
[EventCountry "MNE"]
[SourceDate "2025.09.15"]

1. e4 c5 2. Nc3 a6 3. g3 b5 4. a3 Bb7 5. Bg2 Nf6 6. d3 d6 7. Be3 e6 8. Nge2 Be7
9. O-O Nc6 10. Qd2 Ng4 11. f4 O-O 12. Nd1 Nxe3 13. Nxe3 Nd4 14. e5 Bxg2 15.
Nxg2 dxe5 16. fxe5 Qd5 17. Nxd4 Qxd4+ 18. Qe3 Qxb2 19. c4 bxc4 20. dxc4 Rab8
21. Qe4 Qd4+ 22. Qxd4 cxd4 23. Rfb1 Rxb1+ 24. Rxb1 Bxa3 25. Ra1 Be7 26. Rxa6
Rc8 27. Ra4 g5 28. Ne1 Rb8 29. Ra1 Rb3 30. Rc1 Bc5 31. Rd1 Rc3 32. Nd3 Rxc4 33.
Nxc5 Rxc5 34. Rxd4 Rxe5 35. Kg2 Re2+ 36. Kh3 h6 37. g4 Kg7 38. Kg3 Kg6 39. h4
gxh4+ 40. Kxh4 e5 41. Rd6+ f6 42. Rd7 Re4 43. Rd6 h5 0-1

[Event "CEDIS Festival saha - 4. turnir"]
[Site "Podgorica"]
[Date "2025.09.13"]
[Round "2.4"]
[White "Jovancevic, Jovan"]
[Black "Vujovic, Viktor"]
[Result "1-0"]
[WhiteElo "2139"]
[BlackElo "1734"]
[PlyCount "49"]
[EventDate "2025.09.12"]
[EventType "swiss"]
[EventRounds "5"]
[EventCountry "MNE"]
[SourceDate "2025.09.15"]

1. d4 f5 2. g3 Nf6 3. Bg2 g6 4. c3 Bg7 5. Qb3 Nc6 6. Nf3 Ne4 7. Nbd2 d5 8. h4
h6 9. O-O Qd6 10. Rd1 g5 11. hxg5 Nxg5 12. Nxg5 hxg5 13. Qxd5 Qh6 14. Nf3 Bf6
15. Ne5 Bxe5 16. dxe5 f4 17. Rd3 Be6 18. Qe4 Qh2+ 19. Kf1 fxg3 20. Rxg3 O-O-O
21. Bxg5 Rhf8 22. Bf4 Bd5 23. Qe3 Rh8 24. Bxd5 Rxd5 25. Rg8+ 1-0

[Event "CEDIS Festival saha - 4. turnir"]
[Site "Podgorica"]
[Date "2025.09.13"]
[Round "2.5"]
[White "Sekulic, Nikola"]
[Black "Vukovic, Stefan"]
[Result "1-0"]
[WhiteElo "1970"]
[BlackElo "1498"]
[PlyCount "51"]
[EventDate "2025.09.12"]
[EventType "swiss"]
[EventRounds "5"]
[EventCountry "MNE"]
[SourceDate "2025.09.15"]

1. e4 e5 2. Nf3 d6 3. Bc4 Be7 4. d4 exd4 5. Nxd4 Nf6 6. Nc3 O-O 7. f3 Nc6 8.
Be3 Qd7 9. h4 Nxd4 10. Qxd4 c6 11. O-O-O Qc7 12. Bf4 Be6 13. Bxe6 fxe6 14. Bxd6
Bxd6 15. Qxd6 Qxd6 16. Rxd6 Rfe8 17. g4 Re7 18. Rhd1 Kf7 19. Ne2 a6 20. c4 Ree8
21. e5 Ng8 22. Rd7+ Re7 23. c5 Nh6 24. Nc3 Rb8 25. Ne4 Kf8 26. Ng5 1-0

[Event "CEDIS Festival saha - 4. turnir"]
[Site "Podgorica"]
[Date "2025.09.13"]
[Round "2.6"]
[White "Zivkovic, Slaven"]
[Black "Sorochenkov, Alexander"]
[Result "1-0"]
[WhiteElo "1944"]
[BlackElo "1423"]
[PlyCount "89"]
[EventDate "2025.09.12"]
[EventType "swiss"]
[EventRounds "5"]
[EventCountry "MNE"]
[SourceDate "2025.09.15"]

1. e4 c5 2. Nf3 d6 3. Bb5+ Bd7 4. Bxd7+ Qxd7 5. O-O Nc6 6. c3 Nf6 7. Re1 g6 8.
d3 Bg7 9. Nbd2 O-O 10. Nf1 Nh5 11. Be3 b5 12. Qd2 Ne5 13. Nxe5 Bxe5 14. f4 Bg7
15. Qe2 Bh6 16. Qf3 Nf6 17. h3 Bg7 18. Ng3 Rac8 19. Rad1 d5 20. d4 c4 21. e5
Ne8 22. f5 Qb7 23. Qg4 Rc6 24. e6 Qa6 25. a3 fxe6 26. fxg6 hxg6 27. Qxg6 e5 28.
Qh5 exd4 29. Bxd4 Rh6 30. Qxd5+ e6 31. Qg5 e5 32. Bxe5 Rg6 33. Qe3 Bh6 34. Qe4
Re6 35. Qd5 Kh7 36. Bd4 Nc7 37. Qd7+ Kg8 38. Qxc7 Rxe1+ 39. Rxe1 Qg6 40. Qe5
Bd2 41. Qh8+ Kf7 42. Rf1+ Ke6 43. Qxf8 Qxg3 44. Qf5+ Ke7 45. Qe5+ 1-0

[Event "CEDIS Festival saha - 4. turnir"]
[Site "Podgorica"]
[Date "2025.09.13"]
[Round "2.9"]
[White "Markovic, Janko"]
[Black "Lakusic, Zoran"]
[Result "0-1"]
[WhiteElo "1485"]
[BlackElo "1693"]
[PlyCount "66"]
[EventDate "2025.09.12"]
[EventType "swiss"]
[EventRounds "5"]
[EventCountry "MNE"]
[SourceDate "2025.09.15"]

1. d4 Nf6 2. Nf3 e6 3. Bg5 Be7 4. e3 h6 5. Bxf6 Bxf6 6. c3 b6 7. Bd3 Bb7 8.
Nbd2 d6 9. O-O Nd7 10. Re1 g5 11. h3 h5 12. e4 Qe7 13. e5 dxe5 14. dxe5 Bg7 15.
Nc4 O-O-O 16. Nd4 Nc5 17. Re3 Nxd3 18. Rxd3 g4 19. Qa4 Kb8 20. Nc6+ Bxc6 21.
Rxd8+ Rxd8 22. Qxc6 gxh3 23. g3 h4 24. Kh2 hxg3+ 25. fxg3 Qg5 26. Rf1 Bxe5 27.
Nxe5 Qxe5 28. Kxh3 Qe2 29. Rf4 f5 30. Qg2 Qd1 31. Qc6 e5 32. Rc4 Rc8 33. Qg2 e4
0-1

[Event "CEDIS Festival saha - 4. turnir"]
[Site "Podgorica"]
[Date "2025.09.13"]
[Round "2.10"]
[White "Zarudniak, Elisei"]
[Black "Vujovic, Andrija"]
[Result "1-0"]
[WhiteElo "1635"]
[BlackElo "1538"]
[PlyCount "79"]
[EventDate "2025.09.12"]
[EventType "swiss"]
[EventRounds "5"]
[EventCountry "MNE"]
[SourceDate "2025.09.15"]

1. e4 c5 2. Nf3 Nc6 3. d4 cxd4 4. Nxd4 Nf6 5. Nc3 e5 6. Ndb5 d6 7. Nd5 Nxd5 8.
exd5 Ne7 9. c4 Nf5 10. Bd3 g6 11. O-O Bg7 12. Re1 O-O 13. Nc3 Ne7 14. Be3 f5
15. f4 Bd7 16. Qd2 b6 17. b4 Rc8 18. Rac1 e4 19. Be2 Bf6 20. Bd4 Qe8 21. Bxf6
Rxf6 22. Qd4 Kf7 23. Ra1 Qd8 24. a4 Qe8 25. Nb5 Bxb5 26. axb5 Qd7 27. Ra6 h6
28. h4 Ng8 29. Rea1 Rc7 30. R1a3 Kf8 31. Rc3 Qc8 32. Ra2 Kf7 33. Rac2 Kf8 34.
c5 bxc5 35. bxc5 dxc5 36. Rxc5 Rxc5 37. Rxc5 Qd7 38. Qc3 Ne7 39. Qxf6+ Ke8 40.
d6 1-0

[Event "CEDIS Festival saha - 4. turnir"]
[Site "Podgorica"]
[Date "2025.09.13"]
[Round "3.2"]
[White "Djukanovic, Sreten"]
[Black "Sekulic, Nikola"]
[Result "1-0"]
[WhiteElo "2096"]
[BlackElo "1970"]
[PlyCount "45"]
[EventDate "2025.09.12"]
[EventType "swiss"]
[EventRounds "5"]
[EventCountry "MNE"]
[SourceDate "2025.09.15"]

1. d4 d5 2. Nf3 Nf6 3. c4 c6 4. e3 Bg4 5. Nc3 e6 6. h3 Bh5 7. Be2 Nbd7 8. O-O
Bxf3 9. Bxf3 dxc4 10. Qe2 Nb6 11. Rd1 Nfd5 12. e4 Nxc3 13. bxc3 Be7 14. a4 a5
15. Be3 Qc7 16. Rdb1 Ra6 17. Qc2 c5 18. Rb5 e5 19. dxc5 Nd7 20. Rab1 Rc6 21.
Rxb7 Qc8 22. Bg4 Rc7 23. c6 1-0

[Event "CEDIS Festival saha - 4. turnir"]
[Site "Podgorica"]
[Date "2025.09.13"]
[Round "3.3"]
[White "Matovic, Milan"]
[Black "Jovancevic, Jovan"]
[Result "0-1"]
[WhiteElo "1707"]
[BlackElo "2139"]
[PlyCount "82"]
[EventDate "2025.09.12"]
[EventType "swiss"]
[EventRounds "5"]
[EventCountry "MNE"]
[SourceDate "2025.09.15"]

1. e4 a6 2. d4 b5 3. Nf3 Bb7 4. Bd3 e6 5. Be3 Nf6 6. Nbd2 d6 7. h3 c5 8. c3 Be7
9. Rc1 Nbd7 10. O-O h6 11. Nh2 g5 12. f4 gxf4 13. Rxf4 h5 14. Qe2 Qc7 15. Rcf1
Rg8 16. R1f2 O-O-O 17. Nhf3 Rg3 18. Ne1 Rdg8 19. R4f3 R3g7 20. c4 b4 21. d5 Rg6
22. dxe6 fxe6 23. e5 Nxe5 24. Bxg6 Nxf3+ 25. Ndxf3 Rxg6 26. Ng5 e5 27. Qc2 e4
28. Ne6 Qd7 29. Nf4 Rg3 30. Qd2 h4 31. Ne2 Rg8 32. Rf4 d5 33. Rxh4 d4 34. Bf4
e3 35. Qc2 Be4 36. Nd3 Rxg2+ 37. Kf1 Qf5 38. Rh8+ Kb7 39. Rb8+ Ka7 40. Qa4 Qxh3
41. Ra8+ Bxa8 0-1

[Event "CEDIS Festival saha - 4. turnir"]
[Site "Podgorica"]
[Date "2025.09.13"]
[Round "3.4"]
[White "Pavlovic, David"]
[Black "Zivkovic, Slaven"]
[Result "1-0"]
[WhiteElo "1702"]
[BlackElo "1944"]
[PlyCount "67"]
[EventDate "2025.09.12"]
[EventType "swiss"]
[EventRounds "5"]
[EventCountry "MNE"]
[SourceDate "2025.09.15"]

1. e4 e5 2. Nf3 Nc6 3. Nc3 Nf6 4. d4 exd4 5. Nxd4 Bb4 6. Nxc6 bxc6 7. Bd3 d5 8.
exd5 O-O 9. O-O Bg4 10. Be2 Bxe2 11. Qxe2 cxd5 12. Bg5 c6 13. Qf3 Be7 14. Rfe1
Rb8 15. Rab1 h6 16. Bf4 Rb7 17. Ne2 Qa5 18. Nd4 Ne4 19. Nxc6 Qc5 20. Nxe7+ Qxe7
21. c4 Ng5 22. Qxd5 Rxb2 23. Bd6 Qe2 24. Bxf8 Qxf2+ 25. Kh1 Rd2 26. Qa8 Kh7 27.
Be7 f6 28. Rf1 Rb2 29. Bc5 Qe2 30. Rxb2 Qxf1+ 31. Bg1 Qxc4 32. Qxa7 Qh4 33. Qf2
Qh5 34. Qc2+ 1-0

[Event "CEDIS Festival saha - 4. turnir"]
[Site "Podgorica"]
[Date "2025.09.13"]
[Round "3.5"]
[White "Vujovic, Viktor"]
[Black "Rasovic, Uros"]
[Result "0-1"]
[WhiteElo "1734"]
[BlackElo "2244"]
[PlyCount "44"]
[EventDate "2025.09.12"]
[EventType "swiss"]
[EventRounds "5"]
[EventCountry "MNE"]
[SourceDate "2025.09.15"]

1. e4 c5 2. c3 d6 3. d4 Nf6 4. Bd3 g6 5. Nf3 Bg7 6. h3 O-O 7. Be3 Qc7 8. Nbd2
b6 9. Nf1 Bb7 10. Ng3 d5 11. e5 Ne4 12. Ng5 Nxg5 13. Bxg5 Bxe5 14. Bh6 Bg7 15.
Nf5 gxf5 16. Bxg7 Kxg7 17. Bxf5 Qf4 18. Qh5 h6 19. h4 e6 20. g4 exf5 21. gxf5
Re8+ 22. Kf1 Ba6+ 0-1

[Event "CEDIS Festival saha - 4. turnir"]
[Site "Podgorica"]
[Date "2025.09.13"]
[Round "3.6"]
[White "Lakusic, Zoran"]
[Black "Abramovic, Dragoljub"]
[Result "0-1"]
[WhiteElo "1693"]
[BlackElo "1964"]
[PlyCount "58"]
[EventDate "2025.09.12"]
[EventType "swiss"]
[EventRounds "5"]
[EventCountry "MNE"]
[SourceDate "2025.09.15"]

1. Nf3 d5 2. d4 c6 3. g3 Nf6 4. Bg2 Bf5 5. O-O h6 6. Re1 e6 7. Bf4 Be7 8. Nbd2
O-O 9. c3 Nbd7 10. Ne5 Nxe5 11. dxe5 Nd7 12. e4 Bg6 13. exd5 cxd5 14. b3 Rc8
15. c4 Nb6 16. cxd5 Nxd5 17. Bxd5 Qxd5 18. Nc4 Bb4 19. Nd6 Bxe1 20. Qxe1 Rc2
21. h4 Qf3 22. Qe3 Qc6 23. g4 Rc3 24. Qxa7 Qf3 25. Bg3 Rfc8 26. Qa3 Qxg4 27.
Nxc8 Rxg3+ 28. fxg3 Qxg3+ 29. Kf1 Bd3# 0-1

[Event "CEDIS Festival saha - 4. turnir"]
[Site "Podgorica"]
[Date "2025.09.13"]
[Round "3.7"]
[White "Jeknic, Velimir"]
[Black "Agic, Zejn"]
[Result "1-0"]
[WhiteElo "1804"]
[BlackElo "1484"]
[PlyCount "89"]
[EventDate "2025.09.12"]
[EventType "swiss"]
[EventRounds "5"]
[EventCountry "MNE"]
[SourceDate "2025.09.15"]

1. e4 e5 2. d4 exd4 3. c3 d5 4. e5 d3 5. Bxd3 Nc6 6. f4 Bc5 7. Nf3 Nge7 8. Qc2
h6 9. b4 Bb6 10. a4 a6 11. a5 Ba7 12. f5 d4 13. e6 fxe6 14. f6 gxf6 15. Bg6+
Kf8 16. Rf1 f5 17. Nh4 Kg7 18. Bh5 Nd5 19. Qf2 Kf6 20. Ng6 Rg8 21. Nf4 dxc3 22.
Qh4+ Kg7 23. Qg3+ Kh7 24. Bg6+ Kh8 25. Qh3 Qg5 26. Bf7 Rg7 27. Ng6+ Qxg6 28.
Bxg6 Rxg6 29. Bxh6 Kg8 30. Qh5 Kf7 31. Rf3 Ncxb4 32. Rg3 Ne7 33. Bg5 c2 34. Na3
Bd4 35. Bxe7 Kxe7 36. Qxg6 Bxa1 37. Kd2 Bd7 38. Nxc2 Nxc2 39. Kxc2 Ba4+ 40. Kb1
Be5 41. Re3 Kd6 42. Rd3+ Ke7 43. Qh7+ Kf6 44. Qh4+ Kf7 45. Qxa4 1-0

[Event "CEDIS Festival saha - 4. turnir"]
[Site "Podgorica"]
[Date "2025.09.13"]
[Round "3.11"]
[White "Vujovic, Andrija"]
[Black "Markovic, Janko"]
[Result "1-0"]
[WhiteElo "1538"]
[BlackElo "1485"]
[PlyCount "61"]
[EventDate "2025.09.12"]
[EventType "swiss"]
[EventRounds "5"]
[EventCountry "MNE"]
[SourceDate "2025.09.15"]

1. d4 e6 2. c4 d5 3. Nf3 Nf6 4. Nc3 Bb4 5. Bd2 Bxc3 6. Bxc3 Nc6 7. e3 O-O 8.
Bd3 Bd7 9. O-O Qe7 10. Re1 Rfe8 11. e4 dxe4 12. Bxe4 Rad8 13. Qc2 Nxe4 14. Rxe4
Nb4 15. Qe2 f5 16. Re3 Ba4 17. b3 Bd7 18. Ne5 Nc6 19. Nxd7 Rxd7 20. d5 Nd8 21.
Re1 Kf7 22. Qh5+ Kg8 23. Rh3 g6 24. Qf3 Qf7 25. Qd3 Kf8 26. Qd4 a6 27. Qh8+ Qg8
28. Bb4+ Ree7 29. Bxe7+ Rxe7 30. Qf6+ Rf7 31. Qxd8+ 1-0

[Event "CEDIS Festival saha - 4. turnir"]
[Site "Podgorica"]
[Date "2025.09.14"]
[Round "4.1"]
[White "Zizic, Djordje"]
[Black "Djukanovic, Sreten"]
[Result "0-1"]
[WhiteElo "2180"]
[BlackElo "2096"]
[PlyCount "82"]
[EventDate "2025.09.12"]
[EventType "swiss"]
[EventRounds "5"]
[EventCountry "MNE"]
[SourceDate "2025.09.15"]

1. e4 c5 2. Nf3 a6 3. c4 Nc6 4. d4 cxd4 5. Nxd4 d6 6. Nc3 Nf6 7. Be2 e5 8. Nc2
Be6 9. O-O Be7 10. f4 exf4 11. Bxf4 O-O 12. Rc1 Ne5 13. b3 b5 14. c5 Rc8 15. b4
Ng6 16. cxd6 Nxf4 17. dxe7 Qxe7 18. Rxf4 Rxc3 19. Nd4 Rxc1 20. Qxc1 Rc8 21. Qb2
Bd7 22. Bd3 Qd6 23. Rf3 Ng4 24. g3 Ne5 25. Re3 Rd8 26. Be2 g6 27. Nb3 Bg4 28.
Kg2 Bxe2 29. Rxe2 Nd3 30. Qa3 Qc6 31. Na5 Qe6 32. Nb7 Rd4 33. Qc3 Rxe4 34. Rd2
Re2+ 35. Kf1 Re1+ 36. Kg2 Qe4+ 37. Kh3 Nf4+ 38. Kg4 Nd5+ 39. Kg5 Nxc3 40. Rd8+
Kg7 41. Nd6 h6# 0-1

[Event "CEDIS Festival saha - 4. turnir"]
[Site "Podgorica"]
[Date "2025.09.14"]
[Round "4.2"]
[White "Jovancevic, Jovan"]
[Black "Pavlovic, David"]
[Result "1-0"]
[WhiteElo "2139"]
[BlackElo "1702"]
[PlyCount "53"]
[EventDate "2025.09.12"]
[EventType "swiss"]
[EventRounds "5"]
[EventCountry "MNE"]
[SourceDate "2025.09.15"]

1. b3 d5 2. Bb2 c5 3. e3 Nc6 4. Nf3 Nf6 5. Bb5 Bd7 6. O-O e6 7. Be2 Bd6 8. c4
O-O 9. Nc3 a6 10. d4 dxc4 11. bxc4 cxd4 12. exd4 Ne7 13. Qb3 Rb8 14. Rfd1 Ng6
15. a4 Be7 16. g3 Bc6 17. d5 exd5 18. cxd5 Bc5 19. dxc6 Qc8 20. c7 Ra8 21. Nd5
Ng4 22. Bd4 Bxd4 23. Rxd4 Qf5 24. Qd3 Qh5 25. Nf4 Nxf4 26. Rxf4 Rfe8 27. Nh4
1-0

[Event "CEDIS Festival saha - 4. turnir"]
[Site "Podgorica"]
[Date "2025.09.14"]
[Round "4.3"]
[White "Koprivica, Andrija"]
[Black "Rasovic, Uros"]
[Result "0-1"]
[WhiteElo "1786"]
[BlackElo "2244"]
[PlyCount "72"]
[EventDate "2025.09.12"]
[EventType "swiss"]
[EventRounds "5"]
[EventCountry "MNE"]
[SourceDate "2025.09.15"]

1. Nc3 c5 2. e4 Nc6 3. Bb5 g6 4. f4 Bg7 5. Nf3 Nd4 6. Nxd4 cxd4 7. Ne2 Nh6 8.
c3 dxc3 9. bxc3 O-O 10. d4 d5 11. e5 f6 12. O-O Qb6 13. Qb3 fxe5 14. fxe5 Rxf1+
15. Kxf1 Bf5 16. Ng3 Rf8 17. Nxf5 Nxf5 18. Kg1 Nxd4 19. Qxd5+ Ne6+ 20. Kh1 Kh8
21. Qd3 Nc5 22. Qe2 Qc7 23. Ba3 Bxe5 24. Rf1 Bf6 25. Qe3 b6 26. c4 Kg7 27. Bxc5
bxc5 28. Rd1 Rd8 29. Rxd8 Qxd8 30. Qe2 Qd4 31. g3 h5 32. Kg2 h4 33. gxh4 Qxh4
34. Qe3 Bd4 35. Qe2 Qg5+ 36. Kh1 Qg1# 0-1

[Event "CEDIS Festival saha - 4. turnir"]
[Site "Podgorica"]
[Date "2025.09.14"]
[Round "4.6"]
[White "Sekulic, Nikola"]
[Black "Matovic, Milan"]
[Result "1-0"]
[WhiteElo "1970"]
[BlackElo "1707"]
[PlyCount "61"]
[EventDate "2025.09.12"]
[EventType "swiss"]
[EventRounds "5"]
[EventCountry "MNE"]
[SourceDate "2025.09.15"]

1. e4 e5 2. Nf3 Nc6 3. Bc4 Nf6 4. d4 exd4 5. O-O d6 6. Ng5 Ne5 7. Qxd4 h6 8.
Bb5+ Bd7 9. Bxd7+ Qxd7 10. Nh3 Nf3+ 11. gxf3 Qxh3 12. Qd3 O-O-O 13. Nc3 g5 14.
f4 Qg4+ 15. Qg3 Qd7 16. f5 Be7 17. a4 Rdg8 18. a5 h5 19. a6 b6 20. Rd1 h4 21.
Qg2 h3 22. Qf3 g4 23. Qd3 g3 24. fxg3 Ng4 25. Bf4 Bg5 26. Bxg5 Ne5 27. Qd5 c6
28. Qxe5 dxe5 29. Rxd7 Kxd7 30. Rd1+ Kc7 31. Bf6 1-0

[Event "CEDIS Festival saha - 4. turnir"]
[Site "Podgorica"]
[Date "2025.09.14"]
[Round "4.8"]
[White "Sorochenkov, Alexander"]
[Black "Vujovic, Viktor"]
[Result "0-1"]
[WhiteElo "1423"]
[BlackElo "1734"]
[PlyCount "66"]
[EventDate "2025.09.12"]
[EventType "swiss"]
[EventRounds "5"]
[EventCountry "MNE"]
[SourceDate "2025.09.15"]

1. e4 c5 2. Nf3 Nc6 3. c3 e6 4. d4 d5 5. e5 Qb6 6. Bd3 cxd4 7. cxd4 Bd7 8. Bc2
Nb4 9. Bd3 Rc8 10. Nc3 Nxd3+ 11. Qxd3 Ne7 12. O-O Nf5 13. Rb1 Be7 14. Re1 f6
15. g4 fxe5 16. gxf5 e4 17. Nxe4 dxe4 18. Qxe4 O-O 19. fxe6 Bc6 20. d5 Bb5 21.
b3 Be8 22. Be3 Qd6 23. Red1 Bg6 24. Qg4 Bf5 25. Qh5 g6 26. Qh6 Bxb1 27. Bd4 Bf6
28. Ng5 Rc7 29. Bxf6 Rxf6 30. Ne4 Bxe4 31. Qg5 Rf5 32. Qe3 Rxd5 33. Rxd5 Bxd5
0-1

[Event "CEDIS Festival saha - 4. turnir"]
[Site "Podgorica"]
[Date "2025.09.14"]
[Round "4.9"]
[White "Agic, Zejn"]
[Black "Lakusic, Zoran"]
[Result "0-1"]
[WhiteElo "1484"]
[BlackElo "1693"]
[PlyCount "56"]
[EventDate "2025.09.12"]
[EventType "swiss"]
[EventRounds "5"]
[EventCountry "MNE"]
[SourceDate "2025.09.15"]

1. e4 e6 2. d4 d5 3. exd5 exd5 4. Nf3 Nf6 5. Be2 Bd6 6. O-O h6 7. Re1 O-O 8.
Nc3 c6 9. Be3 Qc7 10. Qd2 Ne4 11. Qd3 Bf5 12. Rac1 Bh7 13. Qd1 f5 14. h3 f4 15.
Bd2 Nd7 16. Nh2 Ndf6 17. Nxe4 dxe4 18. Bc4+ Kh8 19. f3 e3 20. Bc3 b5 21. Bd3
Bxd3 22. cxd3 b4 23. Bxb4 Bxb4 24. Rf1 Rae8 25. Qe2 Bd2 26. Rc5 Qd6 27. Rc4 Nh5
28. Rd1 Ng3 0-1